| 000 | 00537nam a2200217Ia 4500 | ||
|---|---|---|---|
| 008 | 210210b2011 xxu||||| |||| 00| 0 eng d | ||
| 020 | _a9788183162739 | ||
| 041 | _aeng | ||
| 082 | _a658.477 ARUS | ||
| 100 | _aARULSAMY (S) | ||
| 245 | _aSafety and disaster management | ||
| 260 |
_aNew Delhi _bNeelkamal Publications Pvt Ltd., _c2011 |
||
| 300 | _axix,403 | ||
| 650 | _aSafety | ||
| 650 | _amanagement | ||
| 650 | _adisaster | ||
| 650 | _aand | ||
| 690 | _aDisaster Management | ||
| 700 | _aJEYADEVI (J) | ||
| 906 | _a066496 | ||
| 999 |
_c147886 _d147886 |
||